LEADER 01531nam 22004333 450 001 9911047871903321 005 20251221090326.0 010 $a3-8394-4523-X 035 $a(CKB)44308362500041 035 $a(MiAaPQ)EBC32462639 035 $a(Au-PeEL)EBL32462639 035 $a(OCoLC)1564854736 035 $a(EXLCZ)9944308362500041 100 $a20251221d2025 uy 0 101 0 $ager 135 $aur||||||||||| 181 $ctxt$2rdacontent 182 $cc$2rdamedia 183 $acr$2rdacarrier 200 10$aEvangelikale Bibelhermeneutik $eZentrale Entwürfe Von Hochschullehrern Im Deutschsprachigen Raum 205 $a1st ed. 210 1$aBielefeld :$ctranscript Verlag,$d2025. 210 4$d©2025. 215 $a1 online resource (397 pages) 311 08$a3-8376-7986-1 330 $aDie Bibelzugänge evangelikaler Hochschullehrer im deutschsprachigen Raum blieben bislang unerschlossen.Wolfgang-Michael Klein analysiert erstmals systematisch deren zentrale Ansätze und kontextualisiert sie im Hinblick auf wichtige Grundbegriffe, institutionelle Settings und zentrale Abgrenzungsfiguren. 606 $aEvangelicalism$7Generated by AI 606 $aHermeneutics$7Generated by AI 615 0$aEvangelicalism 615 0$aHermeneutics 676 $a230.046 700 $aKlein$b Wolfgang-Michael$01877452 801 0$bMiAaPQ 801 1$bMiAaPQ 801 2$bMiAaPQ 906 $aBOOK 912 $a9911047871903321 996 $aEvangelikale Bibelhermeneutik$94489677 997 $aUNINA